000
00265nam a2200145Ia 4500
100
_a
Wallace/D.A.R
942
_c
BK
366
_f
20
245
_a
Groups
260
_b
Springer
_c
1998
082
_a
512
_b
WAL
300
_a
248
546
_a
ENGLISH
999
_c
18232
_d
18232